Thơ văn cổ Trung Hoa mảnh đất quen mà lạ

সংরক্ষণ করুন:
গ্রন্থ-পঞ্জীর বিবরন
প্রধান লেখক: Nguyễn Khắc Phi
বিন্যাস: গ্রন্থ
ভাষা:Vietnamese
প্রকাশিত: H. Giaó dục 1998
ট্যাগগুলো: ট্যাগ যুক্ত করুন
কোনো ট্যাগ নেই, প্রথমজন হিসাবে ট্যাগ করুন!
Thư viện lưu trữ: Mạng thư viện Đại học Đà Nẵng
LEADER 00653nam a2200253 4500
001 000014297
003 10659
005 20120425100416.0
008 120425s1998 viesd
020 |c 26500 
041 0 |a vie 
082 |a 895.1  |b NG-P 
100 0 |a Nguyễn Khắc Phi 
245 0 |a Thơ văn cổ Trung Hoa mảnh đất quen mà lạ  |c Nguyễn Khắc Phi 
260 |a H.  |b Giaó dục  |c 1998 
300 |a 498 tr.  |c 21 cm 
OWN |a LSP 
999 |a From the UDN01 
TYP |a Monograph 
TYP |a Printed language 
980 |a Mạng thư viện Đại học Đà Nẵng